00920nam a22002537a 450000500170000000800410001702000150005804000070007304100080008008200220008810000280011024500230013826000560016130000310021736500240024852001370027265000300040965000330043965000260047270000300049894200120052899900190054095201070055920211117153804.0211117b ||||| |||| 00| 0 eng d a8170622301 cAL aeng 223a070.449bSINM aAnil Kumar Singh910554 aMilitary and Media aNew DelhibLancer Publishers and Distributorsc2006 axiii,261 p.bHBc22x14 cm. b595.00c₹d595.00 aThis Book is a very usefull for all reader and researchers for known the miletry and media . In this book new dimension of writing . aMedia and Military910555 aPsychological Warfare910556 aMedia in India910557 aSINGH (Anil Kumar)910558 2ddccGF c220652d220652 00102ddc40708JRaALbALd2021-11-17l0o070.449 SINMpGF00482r2021-11-17 00:00:00w2021-11-17yGF